[Event "North Island-ch"]
[Site "Wellington"]
[Date "2019.04.19"]
[Round "1"]
[White "Sellen, Ian"]
[Black "Yu, Jeffrey"]
[Result "1-0"]
[WhiteElo "1970"]
[BlackElo "1431"]
[PlyCount "103"]
[EventDate "2019.04.19"]
[EventType "swiss"]
[EventRounds "8"]
[EventCountry "NZL"]
[SourceTitle "EXT 2020"]
[Source "ChessBase"]
[SourceDate "2019.10.17"]
[SourceVersion "1"]
[SourceVersionDate "2019.10.17"]
[SourceQuality "1"]

1. c4 e5 2. Nc3 Nf6 3. g3 Bb4 4. Bg2 0-0 5. e3 c6 6. Nge2 Bxc3 7. bxc3 d5 8. cxd5 cxd5 9. 0-0 Nc6 10. d3 e4 11. Nd4 Ne5 12. dxe4 dxe4 13. Qc2 Qd5 14. Qb3 Rd8 15. h3 b6 16. Qxd5 Rxd5 17. Ba3 Ba6 18. Rfd1 h6 19. Be7 Bd3 20. Bxf6 gxf6 21. Rxd3 Nxd3 22. Bxe4 Rad8 23. Bxd3 Rc8 24. Rc1 Ra5 25. Rc2 a6 26. Kf1 Ra3 27. Ke2 Rcxc3 28. Rxc3 Rxc3 29. Bxa6 Kf8 30. a4 Rc5 31. g4 Ke8 32. Nf5 Kf8 33. Nxh6 Kg7 34. Nf5+ Kg6 35. Kf3 Kg5 36. Bd3 Rc7 37. h4+ Kg6 38. h5+ Kh7 39. Kf4 Ra7 40. Bb5 Rc7 41. Nd6 Re7 42. e4 Kg8 43. Ne8 Re6 44. f3 Kf8 45. h6 Kg8 46. Kf5 Kh7 47. Nxf6+ Kxh6 48. g5+ Kg7 49. e5 Kf8 50. f4 Kg7 51. Ne4 Kf8 52. Nd6 1-0

[Event "NZL-ch op rapid"]
[Site "Palmerston North"]
[Date "2018.01.10"]
[Round "4"]
[White "Hague, Ben"]
[Black "Sellen, Ian"]
[Result "1-0"]
[WhiteElo "2347"]
[BlackElo "1973"]
[PlyCount "66"]
[EventDate "2018.01.10"]
[EventType "swiss (rapid)"]
[EventRounds "9"]
[EventCountry "NZL"]
[SourceTitle "EXT 2019"]
[Source "ChessBase"]
[SourceDate "2018.10.10"]
[SourceVersion "1"]
[SourceVersionDate "2018.10.10"]
[SourceQuality "1"]

1. e4 e6 2. d4 d5 3. Nc3 Nf6 4. e5 Nfd7 5. f4 c5 6. Nf3 Nc6 7. Be3 a6 8. Qd2 b5 9. dxc5 Bxc5 10. Bd3 Qb6 11. Bf2 Bb7 12. 0-0 Rc8 13. Rae1 b4 14. Nd1 Nd4 15. Nxd4 Bxd4 16. f5 Bxf2+ 17. Nxf2 Nc5 18. Qg5 Nxd3 19. cxd3 Rc2 20. Rc1 Rxc1 21. Rxc1 g6 22. f6 h6 23. Qd2 Kd7 24. d4 h5 25. Rc5 a5 26. g3 Ba6 27. Kg2 Bb5 28. Nh3 Bc6 29. Ng5 Rf8 30. Qc2 Kc7 31. Nxf7 Rxf7 32. Qxg6 Rd7 33. f7 Qa6 1-0

[Event "Wellington CC-chB"]
[Site "Wellington"]
[Date "2016.10.06"]
[Round "5"]
[White "Sellen, Ian"]
[Black "Kulkarni, Yogesh"]
[Result "0-1"]
[WhiteElo "2064"]
[BlackElo "2036"]
[PlyCount "68"]
[EventDate "2016.09.08"]
[EventType "tourn"]
[EventRounds "11"]
[EventCountry "NZL"]
[SourceTitle "EXT 2018"]
[Source "ChessBase"]
[SourceDate "2017.10.13"]
[SourceVersion "1"]
[SourceVersionDate "2017.10.13"]
[SourceQuality "1"]

1. c4 b6 2. Nf3 Bb7 3. g3 Nf6 4. Bg2 e5 5. d3 e4 6. Ng5 d5 7. dxe4 d4 8. 0-0 h6 9. e5 Bxg2 10. Kxg2 hxg5 11. Bxg5 Qd7 12. exf6 Qh3+ 13. Kf3 Qf5+ 14. Bf4 Nc6 15. Qa4 Qxf6 16. Nd2 0-0-0 17. Kg2 Kb7 18. Nf3 Bd6 19. Bg5 Qf5 20. Bxd8 Qh3+ 21. Kg1 Ne5 22. Rfd1 Nxf3+ 23. exf3 Bxg3 24. fxg3 Qxh2+ 25. Kf1 Qh1+ 26. Ke2 Rh2+ 27. Kd3 Qxf3+ 28. Kxd4 c5+ 29. Ke5 Re2+ 30. Kd6 Qxg3+ 31. Kd7 Qg4+ 32. Kd6 Qf4+ 33. Kd7 Qf5+ 34. Kd6 Qe6# 0-1

[Event "Wellington Mazur Memorial"]
[Site "Wellington"]
[Date "2016.09.01"]
[Round "8"]
[White "Dixon, Hamish"]
[Black "Sellen, Ian"]
[Result "0-1"]
[WhiteElo "1544"]
[BlackElo "2116"]
[PlyCount "92"]
[EventDate "2016.07.21"]
[EventType "swiss"]
[EventRounds "8"]
[EventCountry "NZL"]
[SourceTitle "EXT 2018"]
[Source "ChessBase"]
[SourceDate "2017.10.13"]
[SourceVersion "1"]
[SourceVersionDate "2017.10.13"]
[SourceQuality "1"]

1. e4 e6 2. d4 d5 3. Bd3 Nf6 4. e5 Nfd7 5. Be3 c5 6. c3 Nc6 7. Nf3 Be7 8. 0-0 0-0 9. Nbd2 b6 10. h3 f6 11. exf6 Bxf6 12. Qc2 h6 13. Bh7+ Kh8 14. dxc5 bxc5 15. Nb3 Qe7 16. Nh2 Nce5 17. Bg6 a5 18. a4 Rd8 19. Bh5 Ba6 20. Rfd1 Bd3 21. Qc1 Bh7 22. Ng4 Nxg4 23. Bxg4 Rdb8 24. Ra3 Rc8 25. Be2 Be5 26. Bb5 Bd6 27. Ra1 Nf6 28. f3 e5 29. Qd2 d4 30. Bf2 Bg8 31. Nc1 Qc7 32. cxd4 exd4 33. Ne2 Nd5 34. Rac1 Qe7 35. Bg3 Bxg3 36. Nxg3 Ne3 37. Re1 Qe5 38. Ne4 Bh7 39. Rxe3 dxe3 40. Qxe3 Bxe4 41. fxe4 Ra7 42. b3 Re7 43. Re1 Rd8 44. Bc6 Qd4 45. Kh2 c4 46. Bd5 Rxd5 0-1

[Event "Wellington Mazur Memorial"]
[Site "Wellington"]
[Date "2016.07.28"]
[Round "3"]
[White "Sellen, Ian"]
[Black "Ker, Anthony F"]
[Result "0-1"]
[WhiteElo "2116"]
[BlackElo "2415"]
[PlyCount "80"]
[EventDate "2016.07.21"]
[EventType "swiss"]
[EventRounds "8"]
[EventCountry "NZL"]
[SourceTitle "EXT 2018"]
[Source "ChessBase"]
[SourceDate "2017.10.13"]
[SourceVersion "1"]
[SourceVersionDate "2017.10.13"]
[SourceQuality "1"]

1. d4 d6 2. e4 Nf6 3. Nc3 g6 4. f4 Bg7 5. Nf3 c5 6. Bb5+ Bd7 7. e5 Ng4 8. e6 Bxb5 9. exf7+ Kd7 10. Nxb5 Qa5+ 11. Nc3 cxd4 12. Nxd4 Bxd4 13. Qxd4 Nc6 14. Qc4 Qb6 15. Qe2 h5 16. h3 Nh6 17. Be3 Qxb2 18. Kd2 Nb4 19. Qb5+ Ke6 20. Rhc1 Rhc8 21. Bd4 Nf5 22. Rab1 Nxd4 23. Qxb4 Qxb4 24. Rxb4 Nc6 25. Rxb7 Kxf7 26. Ne4 Kf8 27. Rf1 Na5 28. Rb4 Nc4+ 29. Kd3 d5 30. Ng5 Rc6 31. f5 Rac8 32. Ne6+ Kg8 33. Nd4 Rf6 34. Rb7 e5 35. Nb3 gxf5 36. Rxa7 f4 37. Na5 Ne3 38. Rf2 Nf5 39. c4 e4+ 40. Kc2 Ne3+ 0-1

[Event "Wellington CC Summer Cup"]
[Site "Wellington"]
[Date "2016.02.25"]
[Round "6"]
[White "Sellen, Ian"]
[Black "Sole, Michael D"]
[Result "1-0"]
[WhiteElo "2092"]
[BlackElo "1655"]
[PlyCount "53"]
[EventDate "2016.01.21"]
[EventType "swiss"]
[EventRounds "8"]
[EventCountry "NZL"]
[SourceTitle "EXT 2018"]
[Source "ChessBase"]
[SourceDate "2017.10.13"]
[SourceVersion "1"]
[SourceVersionDate "2017.10.13"]
[SourceQuality "1"]

1. c4 e5 2. Nc3 Nf6 3. g3 Nc6 4. Bg2 g6 5. d3 Bg7 6. Nf3 0-0 7. 0-0 Re8 8. e4 d6 9. Be3 Be6 10. Re1 Ne7 11. Qe2 c5 12. Rab1 Nc6 13. a3 Rb8 14. b4 b6 15. Ng5 Bd7 16. Nd5 Nd4 17. Qd2 Nxd5 18. exd5 Nf5 19. Ne4 Nxe3 20. fxe3 Bc8 21. bxc5 dxc5 22. Nxc5 Qd6 23. Ne4 Qxa3 24. c5 Qa4 25. Ra1 Qd7 26. c6 Qc7 27. d6 1-0

[Event "Wellington CC Summer Cup"]
[Site "Wellington"]
[Date "2016.02.11"]
[Round "4"]
[White "Sellen, Ian"]
[Black "Baker, Jack"]
[Result "1/2-1/2"]
[WhiteElo "2092"]
[BlackElo "1588"]
[PlyCount "67"]
[EventDate "2016.01.21"]
[EventType "swiss"]
[EventRounds "8"]
[EventCountry "NZL"]
[SourceTitle "EXT 2018"]
[Source "ChessBase"]
[SourceDate "2017.10.13"]
[SourceVersion "1"]
[SourceVersionDate "2017.10.13"]
[SourceQuality "1"]

1. c4 e5 2. Nc3 Bc5 3. e3 Nc6 4. Nge2 Qh4 5. d3 d6 6. Nd5 Kd8 7. Nec3 Nf6 8. Nxf6 gxf6 9. g3 Qg4 10. f3 Qg6 11. a3 a5 12. Bd2 Be6 13. Nd5 b5 14. b4 axb4 15. axb4 Rxa1 16. Qxa1 Bxd5 17. cxd5 Nxb4 18. Qa8+ Ke7 19. Qxh8 Nxd3+ 20. Ke2 Nc1+ 21. Bxc1 Qc2+ 22. Bd2 Bb4 23. Kf2 Qxd2+ 24. Be2 Bc5 25. Qxh7 Qxe3+ 26. Ke1 Qc1+ 27. Bd1 Bb4+ 28. Kf2 Qd2+ 29. Be2 Bc5+ 30. Kf1 Qe3 31. Ke1 Qc3+ 32. Kf1 Qe3 33. Ke1 Bb4+ 34. Kf1 1/2-1/2

[Event "Wellington CC-chA"]
[Site "Wellington"]
[Date "2015.12.03"]
[Round "7"]
[White "Nyberg, Michael"]
[Black "Sellen, Ian"]
[Result "0-1"]
[WhiteElo "1963"]
[BlackElo "1962"]
[PlyCount "126"]
[EventDate "2015.09.24"]
[EventType "tourn"]
[EventRounds "9"]
[EventCountry "NZL"]
[SourceTitle "EXT 2018"]
[Source "ChessBase"]
[SourceDate "2017.10.13"]
[SourceVersion "1"]
[SourceVersionDate "2017.10.13"]
[SourceQuality "1"]

1. c4 Nf6 2. g3 c6 3. Bg2 e6 4. b3 d5 5. Bb2 Be7 6. Nf3 Nbd7 7. d4 0-0 8. 0-0 a5 9. Nc3 Rb8 10. a4 b6 11. Rc1 Ba6 12. cxd5 exd5 13. Ne5 Nxe5 14. dxe5 Nd7 15. Re1 Bb4 16. f4 Nc5 17. Rf1 d4 18. Na2 d3 19. exd3 Nxd3 20. Nxb4 axb4 21. Qe2 Nxc1 22. Qxa6 Qd3 23. Qxd3 Nxd3 24. Bd4 Rfd8 25. Be3 Nc5 26. Bxc5 bxc5 27. Bxc6 Rd3 28. Rb1 c4 29. bxc4 b3 30. Bb5 Rc3 31. a5 b2 32. Rxb2 Rxc4 33. Bxc4 Rxb2 34. a6 Kf8 35. Bd5 Rb1+ 36. Kf2 Ra1 37. Bb7 Ke7 38. Ke3 Kd7 39. f5 Kc7 40. h4 Ra3+ 41. Ke4 Ra4+ 42. Kf3 Ra3+ 43. Kf2 Ra5 44. g4 Rxe5 45. Kf3 f6 46. Kf4 Ra5 47. Ke4 Ra4+ 48. Kf3 h6 49. Kg3 Kd6 50. Kf3 Kc5 51. Bc8 Kd4 52. Bb7 Ke5 53. Ke3 Ra3+ 54. Kf2 Kf4 55. g5 fxg5 56. hxg5 hxg5 57. Bc8 g4 58. Kg2 Ra2+ 59. Kf1 Kg3 60. Bb7 Kh2 61. Bc8 g3 62. Bb7 g2+ 63. Ke1 g1R# 0-1

[Event "Wellington CC-chA"]
[Site "Wellington"]
[Date "2015.10.22"]
[Round "5"]
[White "Sellen, Ian"]
[Black "Croad, Nicholas"]
[Result "0-1"]
[WhiteElo "1962"]
[BlackElo "2296"]
[PlyCount "84"]
[EventDate "2015.09.24"]
[EventType "tourn"]
[EventRounds "9"]
[EventCountry "NZL"]
[SourceTitle "EXT 2018"]
[Source "ChessBase"]
[SourceDate "2017.10.13"]
[SourceVersion "1"]
[SourceVersionDate "2017.10.13"]
[SourceQuality "1"]

1. c4 Nf6 2. g3 e6 3. Bg2 c5 4. Nc3 d5 5. d3 Nc6 6. Bd2 Be7 7. Nf3 d4 8. Nb5 e5 9. 0-0 0-0 10. Ne1 Bf5 11. Qb3 h6 12. Rd1 Qd7 13. e4 dxe3 14. fxe3 Bg4 15. Nf3 a6 16. Na3 e4 17. dxe4 Nxe4 18. Be1 Qe6 19. Rd5 Rab8 20. Ne5 Nxe5 21. Bxe4 Bh3 22. Bg2 Bxg2 23. Kxg2 b5 24. cxb5 c4 25. Qd1 Ng4 26. Nc2 axb5 27. Rf4 Nf6 28. Rd2 Rfd8 29. Qf3 Bc5 30. Nd4 Bxd4 31. Rfxd4 Re8 32. Re2 Ne4 33. a3 Ng5 34. Qd5 Qh3+ 35. Kg1 Re5 36. Qg2 Qe6 37. Bd2 Re8 38. h4 Ne4 39. Be1 Nc5 40. Bc3 Rxe3 41. Rxe3 Qxe3+ 42. Kh2 Ne4 0-1

[Event "Wellington CC-chA"]
[Site "Wellington"]
[Date "2014.10.09"]
[Round "3"]
[White "Sellen, Ian"]
[Black "Timergazi, Layla"]
[Result "1/2-1/2"]
[WhiteElo "2007"]
[BlackElo "1889"]
[PlyCount "43"]
[EventDate "2014.09.25"]
[EventType "tourn"]
[EventRounds "9"]
[EventCountry "NZL"]
[SourceTitle "EXT 2018"]
[Source "ChessBase"]
[SourceDate "2017.10.13"]
[SourceVersion "1"]
[SourceVersionDate "2017.10.13"]
[SourceQuality "1"]

1. c4 Nf6 2. g3 g6 3. Bg2 Bg7 4. Nc3 d6 5. d4 0-0 6. Bg5 h6 7. Bd2 e5 8. d5 Ne8 9. Qc1 Kh7 10. e4 f5 11. Nge2 Nf6 12. 0-0 a5 13. f4 Na6 14. fxe5 dxe5 15. Qb1 fxe4 16. Nxe4 Bf5 17. Nxf6+ Rxf6 18. Be4 Bxe4 19. Qxe4 Qe7 20. Qe3 Qc5 21. Rxf6 Qxe3+ 22. Bxe3 1/2-1/2

[Event "Wellington Mazur Memorial"]
[Site "Wellington"]
[Date "2014.09.11"]
[Round "8"]
[White "Sellen, Ian"]
[Black "Stone, Andrew"]
[Result "1/2-1/2"]
[WhiteElo "2075"]
[BlackElo "2058"]
[PlyCount "57"]
[EventDate "2014.07.24"]
[EventType "swiss"]
[EventRounds "8"]
[EventCountry "NZL"]
[SourceTitle "EXT 2018"]
[Source "ChessBase"]
[SourceDate "2017.10.13"]
[SourceVersion "1"]
[SourceVersionDate "2017.10.13"]
[SourceQuality "1"]

1. c4 f5 2. g3 e6 3. Bg2 Nf6 4. Nc3 Be7 5. d4 0-0 6. e3 c6 7. Nge2 d5 8. b3 Na6 9. 0-0 Nc7 10. Rb1 Nce8 11. Bd2 Nd6 12. c5 Nde4 13. f3 Nxc3 14. Bxc3 b6 15. b4 Ba6 16. Re1 Bxe2 17. Rxe2 Qd7 18. Qc2 Bd8 19. a4 Bc7 20. b5 Rab8 21. Bb4 bxc5 22. bxc6 Qxc6 23. Bxc5 Rxb1+ 24. Qxb1 Rb8 25. Qa2 Qb7 26. Bf1 Bb6 27. Rb2 Qc7 28. Qb1 Nd7 29. Bxb6 1/2-1/2

[Event "Wellington CC Autumn Cup-A"]
[Site "Wellington"]
[Date "2014.05.29"]
[Round "5"]
[White "Stone, Andrew"]
[Black "Sellen, Ian"]
[Result "0-1"]
[WhiteElo "2075"]
[BlackElo "2093"]
[PlyCount "82"]
[EventDate "2014.05.01"]
[EventType "tourn"]
[EventRounds "5"]
[EventCountry "NZL"]
[SourceTitle "EXT 2018"]
[Source "ChessBase"]
[SourceDate "2017.10.13"]
[SourceVersion "1"]
[SourceVersionDate "2017.10.13"]
[SourceQuality "1"]

1. e4 e6 2. d4 d5 3. Nc3 Bb4 4. e5 c5 5. a3 Bxc3+ 6. bxc3 Ne7 7. Qg4 g6 8. h4 h5 9. Qf3 Nbc6 10. Qf6 Rg8 11. Nf3 Nf5 12. Qxd8+ Nxd8 13. dxc5 Nc6 14. Rb1 Rb8 15. Bd3 Bd7 16. c4 Nce7 17. cxd5 Nxd5 18. Bd2 Bc6 19. Ng5 Ke7 20. Ne4 Rgc8 21. c4 Nc7 22. Bg5+ Kf8 23. Nd6 Bxg2 24. Rg1 Bc6 25. Nxc8 Rxc8 26. Rd1 Na6 27. Bxf5 exf5 28. Ke2 Nxc5 29. Be3 Ne6 30. f4 Be4 31. Rc1 a6 32. Rgd1 Ke7 33. a4 Bc6 34. a5 Be4 35. Rd2 Ke8 36. c5 Bc6 37. Rd6 Rd8 38. Rcd1 Rc8 39. Rg1 Ke7 40. Rb1 Be4 41. Rbb6 Nxc5 0-1

[Event "Wellington CC Autumn Cup-A"]
[Site "Wellington"]
[Date "2014.05.15"]
[Round "3"]
[White "Sellen, Ian"]
[Black "Dive, Russell John"]
[Result "0-1"]
[WhiteElo "2093"]
[BlackElo "2451"]
[PlyCount "74"]
[EventDate "2014.05.01"]
[EventType "tourn"]
[EventRounds "5"]
[EventCountry "NZL"]
[SourceTitle "EXT 2018"]
[Source "ChessBase"]
[SourceDate "2017.10.13"]
[SourceVersion "1"]
[SourceVersionDate "2017.10.13"]
[SourceQuality "1"]

1. c4 e5 2. Nc3 g6 3. Nf3 Bg7 4. d3 f5 5. e4 d6 6. Be2 Nf6 7. Bd2 Nc6 8. Rc1 0-0 9. a3 a5 10. 0-0 Kh8 11. Ne1 Be6 12. f4 fxe4 13. dxe4 exf4 14. Bxf4 Nd7 15. Qd2 Nc5 16. Rd1 Nb3 17. Qd3 Ncd4 18. Be3 Qd7 19. Nf3 Nxe2+ 20. Qxe2 Qc6 21. Nd5 Rae8 22. Nd4 Nxd4 23. Bxd4 Bxd4+ 24. Rxd4 Qc5 25. Rfd1 Bxd5 26. cxd5 Rf4 27. Kh1 Ref8 28. Kg1 Kg7 29. g3 Rf3 30. Kg2 Rb3 31. e5 Qb6 32. e6 Rxb2 33. R1d2 Qxd4 34. Rxb2 Qxd5+ 35. Kh3 Rf5 36. e7 Rh5+ 37. Qxh5 Qxh5+ 0-1

[Event "Wellington CC Summer Cup"]
[Site "Wellington"]
[Date "2014.03.27"]
[Round "7"]
[White "Sellen, Ian"]
[Black "Nicholls, Alistair"]
[Result "1-0"]
[WhiteElo "2112"]
[BlackElo "1848"]
[PlyCount "97"]
[EventDate "2014.01.30"]
[EventType "swiss"]
[EventRounds "8"]
[EventCountry "NZL"]
[SourceTitle "EXT 2018"]
[Source "ChessBase"]
[SourceDate "2017.10.13"]
[SourceVersion "1"]
[SourceVersionDate "2017.10.13"]
[SourceQuality "1"]

1. c4 e5 2. Nc3 Nf6 3. Nf3 Nc6 4. g3 d5 5. cxd5 Nxd5 6. Bg2 Be7 7. 0-0 Nb6 8. d3 g5 9. a4 g4 10. Nd2 a5 11. Nc4 Nxc4 12. dxc4 Nd4 13. e3 Nf5 14. b3 c6 15. Qxd8+ Bxd8 16. Bb2 f6 17. Ne4 Kf7 18. Rfd1 Be7 19. Ba3 Bxa3 20. Rxa3 Ke7 21. Ra2 Be6 22. Nc5 Nd6 23. Rad2 Rhd8 24. Nxe6 Kxe6 25. h3 h5 26. hxg4 hxg4 27. Bf1 Ke7 28. Be2 f5 29. f3 gxf3 30. Bxf3 Nf7 31. Kf2 Rxd2+ 32. Rxd2 Rd8 33. Rxd8 Nxd8 34. g4 fxg4 35. Bxg4 Kd6 36. Kf3 Kc5 37. Ke4 Kb4 38. Bd1 Nf7 39. Bh5 Kxb3 40. Bxf7 Kxa4 41. c5 Kb4 42. Kxe5 Kxc5 43. Kf6 b5 44. e4 b4 45. e5 a4 46. e6 b3 47. e7 b2 48. Bg6 a3 49. Bb1 1-0

[Event "Wellington CC Summer Cup"]
[Site "Wellington"]
[Date "2014.03.13"]
[Round "5"]
[White "Sellen, Ian"]
[Black "Forster, William"]
[Result "0-1"]
[WhiteElo "2112"]
[BlackElo "2054"]
[PlyCount "70"]
[EventDate "2014.01.30"]
[EventType "swiss"]
[EventRounds "8"]
[EventCountry "NZL"]
[SourceTitle "EXT 2018"]
[Source "ChessBase"]
[SourceDate "2017.10.13"]
[SourceVersion "1"]
[SourceVersionDate "2017.10.13"]
[SourceQuality "1"]

1. c4 g6 2. g3 Bg7 3. Nc3 d6 4. Bg2 e5 5. d3 f5 6. f4 Nh6 7. Nf3 Nf7 8. 0-0 0-0 9. e4 Nd7 10. exf5 gxf5 11. Ng5 Nxg5 12. fxg5 c6 13. Be3 Rf7 14. d4 Qb6 15. Na4 Qb4 16. Rc1 Nb6 17. Nxb6 axb6 18. Qh5 Rxa2 19. g6 hxg6 20. Qxg6 Qxb2 21. Rf2 Qa3 22. Re1 Rxf2 23. Bxf2 e4 24. h4 d5 25. h5 Rf6 26. Qg5 dxc4 27. Be3 Qd6 28. Ra1 Kh7 29. Qf4 Qxf4 30. Bxf4 Rf8 31. Ra8 Bxd4+ 32. Kf1 Bg7 33. Bh3 Be6 34. Ra7 Rf7 35. Ke2 Rd7 0-1

[Event "Wellington Mazur Memorial"]
[Site "Wellington"]
[Date "2013.11.21"]
[Round "5"]
[White "Jackson, L Ross"]
[Black "Sellen, Ian"]
[Result "1-0"]
[WhiteElo "1990"]
[BlackElo "2072"]
[PlyCount "87"]
[EventDate "2013.10.26"]
[EventType "swiss"]
[EventRounds "8"]
[EventCountry "NZL"]
[SourceTitle "EXT 2018"]
[Source "ChessBase"]
[SourceDate "2017.10.13"]
[SourceVersion "1"]
[SourceVersionDate "2017.10.13"]
[SourceQuality "1"]

1. d4 d5 2. c4 e6 3. Nc3 Nf6 4. cxd5 exd5 5. Bg5 Be7 6. e3 0-0 7. Bd3 c6 8. Nge2 Nbd7 9. Qc2 a5 10. 0-0 Re8 11. Rac1 Nf8 12. a3 h6 13. Bxf6 Bxf6 14. b4 axb4 15. axb4 b5 16. Ra1 Bg4 17. Ra2 Qd6 18. Rxa8 Rxa8 19. Rb1 Nd7 20. h3 Bxe2 21. Nxe2 Nb6 22. Qc5 Qxc5 23. bxc5 Nc4 24. Bf5 Ra2 25. Nf4 Kf8 26. Nd3 Na3 27. Nb4 Nxb1 28. Nxa2 Na3 29. Nb4 g6 30. Bd7 Nb1 31. Bxc6 Nc3 32. Nxd5 Nxd5 33. Bxd5 Bd8 34. Kf1 Ke7 35. Ke2 f6 36. Kd3 Kd7 37. Bf7 g5 38. Ke4 Ke7 39. Bb3 Ba5 40. g4 Be1 41. f3 Bd2 42. d5 Bc3 43. d6+ Kd7 44. Kd5 1-0